00205nam a2200085Ia 4500008004100000100001400041245004900055260000900104300000600113180219s9999 xx 000 0 und d aSingh S K 0aElectro Mechanical Energy Conversion Machine c2013 a0